00696nam a2200145Ia 4500008004100000050002500041100002600066245018800092260008600280300002800366521002200394942000700416999001900423952010800442140724s9999 xx 000 0 und d aLC 4705b.Ab152 2010 aAblir Jr, Demetrio M. aAnalysis of the competencies of the Pre-school Teachers at Fr. Angelico Lipani School Based on the National Joint Committee on Learning Disabilities Standards /cDemetrio M. Ablir Jr. aLas Piñas, Philippines :bSouthville International School and Colleges,cc2010. a48 p. :bill. ;c28 cm. aSpecial Education cTH c228661d228661 001040aCLbCLcTHESESd2014-07-24l0oLC 4705 .Ab152 2010pT0015r2018-05-15 00:00:00w2014-07-24yTH